| 000 | 01265cam a2200229 4500 | ||
|---|---|---|---|
| 001 | ##L131752 | ||
| 008 | 051206n2005 000 0 eng u | ||
| 020 | _a1860817424 | ||
| 035 | _a(Sirsi) u131752 | ||
| 041 | 0 | _aeng | |
| 050 | 0 | 4 | _a690.23 $2 18 |
| 110 | 2 |
_aBRE Centre for Sustainable Construction _94801 |
|
| 245 | 0 | 0 |
_aCosting sustainability _bhow much does it cost to achieve BREEAM and Ecohomes ratings |
| 260 |
_aWatford _bBRE _c2005 |
||
| 300 |
_a4p _bill, tables, graphs _c30cm |
||
| 490 | 0 |
_aBRE Information Paper _vIP 4/05 |
|
| 520 | _aThis paper presents the key findings from a cost analysis of different levels of environmental performance, as defined by BREEAM and EcoHomes schemes. Four different types of building, a house, a naturally ventilated office, an air-conditioned office, and a healthcare centre, were used as case studies. The analysis concluded that significant improvements in building sustainability performance can be achieved for little additional cost, and that more sustainable buildings can offer major in-use cost savings. | ||
| 650 | 2 | 4 | _aBRE ENVIRONMENTAL ASSESSMENT METHOD |
| 690 | _aBUILT ENVIRONMENT-SUSTAINABLE CONSTRUCTION | ||
| 710 | 2 |
_aCyril Sweett Sustainability and Cost Consulting Teams _94802 |
|
| 942 | _n0 | ||
| 999 |
_c104825 _d104825 |
||